Einbuchstabige Symbole des Periodensystems - Sudden Death - Statistiken

Allgemein
  • Dieses Quiz wurde 126 mal gespielt
  • Das Durchschnittsergebnis liegt bei 7 aus 14
Answers on the Grid
Answers color-coded by a green-red scale on the quiz's grid according to % correct below.
A
B
C
D
E
F
G
H
I
J
K
L
M
N
O
P
Q
R
S
T
U
V
W
X
Y
Z
 
Antwortstatistiken
Antwort % Korrekt
Kohlenstoff C
70%
Wasserstoff H
69%
Sauerstoff O
66%
Iod I
62%
Schwefel S
62%
Bor B
59%
Stickstoff N
55%
Kalium K
52%
Fluor F
48%
Phosphor P
43%
Uran U
41%
Wolfram W
36%
Vanadium V
34%
Yttrium Y
33%
Keine übereinstimmenden Quizze gefunden
Verteilung der Resultate
Anzahl Personen mit jedem Resultat
Perzentil nach korrekt beantworteten Fragen
Ihre Resultats-Entwicklung
Sie haben dieses Quiz noch nicht gespielt